00718 2200229 4500001002100000005001500021035002000036007000300056008004100059020002200100082001100122084001700133100001200150245016300162250001500325260003900340300003600379504001600415990001900431990001900450990001900469INLIS00000000000596520251218084438 a0010-1220000357ta251218 g 0 ind  a978-602-7874-49-7 a338.04 a338.04 BAR m0 aBARNAWI1 aMENGELOLA SEKOLAH BERBASIS ENTREPRENEURSHIP :bmengubah mindset anda bahwa meningkatkan prestasi sekolah tak harus mahal, low budget height effect. /cBARNAWI aCetakan II aYogyakarta :bAR-RUZZ MEDIA,c2020 a204 hlm :bilus ;c14.8 x 21 cm ahal 191-198 a06422APBD06422 a06423APBD06423 a06424APBD06424